Temagami pressure sewer system /

Saved in:
Bibliographic Details
Corporate Authors: James F. MacLaren Limited, Canada. Environment Canada, Canada Mortgage and Housing Corporation
Format: Government Document Book
Language:English
Published: Ottawa : The Corporation, c1984.
Series:Sewage collection and treatment ; report SCAT-13
Subjects:
LEADER 01549cam a2200397 a 4500
001 c000391879
003 CARM
005 20121105122704.0
008 121105s1984 onca f000 0 eng d
015 |a C85-70336-0 
019 1 |a 3687481  |5 LACONCORD2021 
020 |a 0662134532 
035 |a (OCoLC)16038602  |5 LACONCORD2021 
040 |a CAN  |b eng  |c CAN 
041 0 |a eng  |b fre 
043 |a n-cn-on 
082 0 4 |a 628.209713147  |2 19 
086 1 |a DSS Cat. no. En43-51/13E 
110 2 |a James F. MacLaren Limited 
245 1 0 |a Temagami pressure sewer system /  |c James F. MacLaren Ltd., for Canada Mortgage and Housing Corporation. 
260 |a Ottawa :  |b The Corporation,  |c c1984. 
300 |a ix, 37 p. :  |b ill. (some fold.) ;  |c 28 cm. 
490 1 |a Sewage collection and treatment ;  |v report SCAT-13 
500 |a Includes abstract in French. 
500 |a Issued also in French under title: Le réseau d'égout sous pression de Temagami. 
500 |a "NHA 5840/84"--Cover. 
500 |a Co-published by Environment Canada. 
650 0 |a Sewerage. 
710 1 |a Canada.  |b Environment Canada 
710 2 |a Canada Mortgage and Housing Corporation 
852 8 |b CARM  |p 0589075  |f BK 
852 8 |b SCAN  |h A3:AG21D0  |i F08331  |p 0589075  |f BK 
830 0 |a Sewage collection and treatment ;  |v report SCAT-13 
999 f f |i 7fb6f01f-e0e2-5328-8b53-9010f6291ac2  |s 219db1b0-18ee-5f0b-b78c-ab6bd5c3ec27 
952 f f |p Can circulate  |a CAVAL  |b CAVAL  |c CAVAL  |d CARM 1 Store  |i book  |m 0589075 
952 f f |a CAVAL  |b CAVAL  |c CAVAL  |d Unmapped Location  |e F08331  |f A3:AG21D0  |h Other scheme